| 000 | 01183nam a22002295i 4500 | ||
|---|---|---|---|
| 001 | 158896 | ||
| 003 | ES-MaACL | ||
| 005 | 20250831024532.0 | ||
| 008 | 990406s1871 sp |||| | spa d | ||
| 080 | _a342.731(460)"18" | ||
| 080 | _a322(460)"18" | ||
| 100 | 1 |
_aMartin de Herrera, Cristobal. _9129557 |
|
| 245 | 1 | 0 |
_aDiscurso leído en la sesión inaugural de la Academia Matritense de Jurisprudencia y Legislación, celebrada el día 18 de noviembre de 1871 / _cpor el presidente de la misma... Don Cristóbal Martín de Herrera. |
| 260 |
_aMadrid : _b[s.n.], _c1871 ( _fEstab. Tip. de Eduardo Cuesta) |
||
| 300 |
_a31 p. ; _c26 cm. |
||
| 594 | _aTema: ¿Qué efectos debe legítimamente producir, en las relaciones del Estado con la Iglesia, la libertad de cultos, tal como ha sido consignada en el artículo 21 de la Constitución de 1869? | ||
| 650 | 7 |
_aIglesia y Estado- _zEspaña- _yS.XIX _2 _9149103 |
|
| 650 | 4 |
_aLibertad religiosa- _zEspaña. _914417 |
|
| 710 | 2 |
_aAcademia Matritense de Jurisprudencia y Legislación. _91204 |
|
| 852 | 4 |
_aES-MaACL _jT-142-F-3 _z- Enc. hol., falto de cub. original _z- Enc. en un vol. facticio |
|
| 999 |
_c158896 _d158896 |
||